| 000 | 00876nam a22002537a 4500 | ||
|---|---|---|---|
| 005 | 20170123162314.0 | ||
| 010 | _aB-024520 | ||
| 020 |
_c150.00 _a8185785260 |
||
| 035 | _aB-024520 | ||
| 037 | _bCen Lib/Ret | ||
| 040 |
_aDPL _bUR |
||
| 082 |
_a841 _bا و م |
||
| 100 |
_aا و م کرشن راحت _9113770 |
||
| 245 |
_aکربِ امروز : _cا و م کرشن راحت _bغزلیات / |
||
| 246 |
_aKarab-e-amroz : ghazliyat / _bby Avam Krishan Rahat |
||
| 260 |
_aنیی دہلی _bادارہ فکرے جدید _c2000 |
||
| 270 |
_bنیی دہلی _a٩٢٢، کچہ روہللہ خان، ڈریگن _e110002 |
||
| 300 |
_a130p. _c21cm(Hb) |
||
| 650 |
_aاردو ادب _9113771 |
||
| 650 |
_aاردو شیعاری _9113772 |
||
| 650 |
_aUrdu literature _9113773 |
||
| 650 |
_aUrdu poetry _9113774 |
||
| 942 |
_2ddc _cUR _h841 _mا و م |
||
| 999 |
_c106604 _d106604 |
||